Statistics for Historical Chinese Capitals 中國歷代首都

Click here to take the quiz!

General Stats

  • This quiz has been taken 535 times
    (421 since last reset)
  • The average score is 5 of 8

Answer Stats

Capital% Correct
Beijing 北京
99%
Nanjing 南京
94%
Xi'an 西安
93%
Luoyang 洛陽
76%
Hangzhou 杭州
57%
Kaifeng 開封
54%
Zhengzhou 鄭州
25%
Anyang 安陽
22%

Score Distribution

Percentile by Number Answered

Percent of People with Each Score

Your Score History

You have not taken this quiz since the last reset